| Tag |
First Indicator |
Second Indicator |
Subfields |
| LEADER |
00000cam a22000001 4500 |
| 001 |
in00000032657 |
| 005 |
20151007061830.0 |
| 008 |
730220s1963 nyu 00010 eng |
| 010 |
|
|
|a 63011052
|
| 019 |
|
|
|a 777974
|
| 035 |
|
|
|a (OCoLC)00270245
|
| 035 |
|
|
|9 AAD3208AM
|
| 040 |
|
|
|a DLC
|c DLC
|d TXA
|d UtOrBLW
|
| 049 |
|
|
|a TXAM
|c [361007]
|
| 050 |
|
0 |
|a PS591.N4
|b B58
|
| 082 |
0 |
|
|a 811.5082
|
| 092 |
|
|
|a 811.08
|b B722a
|
| 100 |
1 |
|
|a Bontemps, Arna,
|d 1902-1973.
|
| 245 |
1 |
0 |
|a American Negro poetry /
|c Edited and with an introd. by Arna Bontemps.
|
| 250 |
|
|
|a [1st ed.].
|
| 264 |
|
1 |
|a New York :
|b Hill and Wang,
|c [1963]
|
| 300 |
|
|
|a 197 pages ;
|c 21 cm.
|
| 336 |
|
|
|a text
|b txt
|2 rdacontent
|
| 337 |
|
|
|a unmediated
|b n
|2 rdamedia
|
| 338 |
|
|
|a volume
|b nc
|2 rdacarrier
|
| 650 |
|
0 |
|a American poetry
|x African American authors.
|
| 999 |
|
|
|a MARS
|
| 999 |
f |
f |
|s b59c3c46-fc60-3f09-91f2-9de512f40de0
|i 463093c6-2919-3dbe-a2cc-107f2bb60895
|t 0
|
| 952 |
f |
f |
|p ric
|a Texas A&M University
|b Rellis Campus
|c Joint Library Facility
|d Remote Storage
|t 0
|e PS591 B53 B58
|h Library of Congress classification
|i unmediated -- volume
|m A14801222018
|
| 998 |
f |
f |
|a PS591 B53 B58
|t 0
|l Remote Storage
|